000 00320nam a2200121Ia 4500
008 220214s9999 xx 000 0 und d
100 _aNizinski J.
245 0 _aSoil water balance in an oak in Fontainbleau forest
260 _bAnnals of Forest Science
_c1989
300 _a173-186
700 _aSaugier B
942 _cRE
999 _c45976
_d45976